| 000 | 00472nam a22001697a 4500 | ||
|---|---|---|---|
| 003 | CEME | ||
| 005 | 20210628210634.0 | ||
| 008 | 210210b xxu||||| |||| 00| 0 eng d | ||
| 020 | _a0-471-82319-8 | ||
| 040 | _c. | ||
| 082 | _a620.105 HOL | ||
| 100 |
_aHolzapfel, Gerhard.A _980297 |
||
| 245 | _aNonlinear solid mechanics a continuum approach for engineering | ||
| 260 |
_aNEW YORK _bJOHN WILEY _c2000 |
||
| 650 |
_aSOLID MECHANICS KINEMATICS _980298 |
||
| 942 |
_cBK _2ddc |
||
| 999 |
_c585242 _d585242 |
||